000 00292nam a2200097Ia 4500
008 171211s9999 xx 000 0 und d
245 _aNative American In The Land Of The Shogun: Ranald Macdonald And The Opening Of Japan
245 _cFrederik L. Schodt
260 _c2003
650 _xMilitary
999 _c348313
_d348313